000 00459nam a2200169Ia 4500
999 _c37411
_d37411
003 OSt
005 20200929144601.0
008 190216s9999||||xx |||||||||||||| ||und||
040 _coclc
082 _a595.14
_bKOT/A
100 _aKotpal, R L
_95002
245 0 _aAnnelida /
_cR L Kotpal
260 _bRasthogi Publications,
_c1983.
_aMeerut:
300 _a263p
650 _aZoology
942 _cBK
_2ddc
_h595.14
_iKOT/A
_k595.14
_mKOT/A